00341nam a2200133Ia 4500008004100000041000800041082001500049100001600064245004500080250000700125260003200132300003000164365001300194240624s9999 xx 000 0 und d aeng a650.13 KAY aKAY FRANCES aSUCCESSFUL NETWORKING HOW TO BUILD NEW N a11 c2011aNew DelhibKogan Page aix, : 192 : p. : cm. ; 22 cRSb33.5